Right to information act: A review of its implementation (Record no. 84938)

000 -LEADER
fixed length control field 01005pab a2200169 454500
008 - FIXED-LENGTH DATA ELEMENTS--GENERAL INFORMATION
fixed length control field 180718b2009 xxu||||| |||| 00| 0 eng d
100 ## - MAIN ENTRY--PERSONAL NAME
Personal name Gehlot, N.S.
245 ## - TITLE STATEMENT
Title Right to information act: A review of its implementation
260 ## - PUBLICATION, DISTRIBUTION, ETC.
Date of publication, distribution, etc. 2009
300 ## - PHYSICAL DESCRIPTION
Extent p.711-721.
362 ## - DATES OF PUBLICATION AND/OR SEQUENTIAL DESIGNATION
Dates of publication and/or sequential designation Jul-Sep
520 ## - SUMMARY, ETC.
Summary, etc. In an attempt to ensure that the right to information act is implemented effectively, it is essential that provisions of this law must reach and empower the people, including the poor. It is essentially requires people's participation in governance, government's accountability to the public and transparency in functioning of the entire system. Mere enactment of law cannot create a climate of democratic way of life until it is implemented with strong conviction. A strong will power is required from the part of the givers as well as seekers of information. - Reproduced.
650 ## - SUBJECT ADDED ENTRY--TOPICAL TERM
Topical term or geographic name entry element Right to information
773 ## - HOST ITEM ENTRY
Main entry heading Indian Journal of Public Administration
908 ## - PUT COMMAND PARAMETER (RLIN)
Put command parameter N
909 ## -
-- 84938
Holdings
Withdrawn status Lost status Damaged status Not for loan Permanent Location Current Location Date acquired Serial Enumeration / chronology Barcode Date last seen Price effective from Koha item type
        Indian Institute of Public Administration Indian Institute of Public Administration 2018-07-19 Volume no: 55, Issue no: 3 AR85398 2018-07-19 2018-07-19 Articles

Powered by Koha